Statistics for Квиз о Андори

Click here to take the quiz!

General Stats

  • This quiz has been taken 85 times
  • The average score is 9 of 15

Answer Stats

ОписОдговор% Correct
Државе са којима се граничиШпанија
97%
Државе са којима се граничиФранцуска
96%
... што објашњава зашто има највећу просечну _______ у ЕвропиНадморску {висину}
95%
Андора се у целости налази у овом планинском венцуПиринеји
89%
Валута која се користи у земљиЕвро
88%
Главни градАндора ла {Веља}
83%
Број олимпијских медаља које је Андора освојилаНула
78%
Пуно име Андоре{Кнежевина} Андора
68%
Званичан језикКаталонски
50%
Грана привреде која чини 80% БДП-аТуризам
47%
Због правног превида Андора је била у рату са овом земљом од 1914–1958Немачка
34%
Франачки краљ кога сматрају оснивачем АндореКарло Велики
33%
Један од двојице ко-кнезова Андоре{Председник} Француске
32%
Грандвалира је ова врста одмаралиштаСкијалиште
25%
Један од двојице ко-кнезова Андоре{Бискуп} од Урхеља
8%

Score Distribution

Percentile by Number Answered

Percent of People with Each Score

Your Score History

You have not taken this quiz